000 00933pam a2200277 a 4500
001 1524783
003 SISC
005 20160405124153.0
008 901004s1991 nyua b 001 0 eng
010 _a 90020454
020 _a0132848295
040 _aDLC
_cDLC
_dDLC
050 0 0 _aHF 5415.2
_b.C47 1991
082 0 0 _aHS 658.83951
_bC44 1998
100 1 _aChisnall, Peter M.
_914195
245 1 4 _aThe essence of marketing research /
_cPeter M. Chisnall.
260 _aNew York :
_bPrentice Hall,
_cc1991.
300 _a264 p. :
_bill. ;
_c22 cm.
440 4 _aThe Essence of management series
_914196
500 _aIncludes bibliographical references(p. 168-170) and index.
650 0 _aMarketing research.
_914197
906 _a7
_bcbc
_corignew
_d1
_eocip
_f19
_gy-gencatlg
942 _2lcc
_cBK
999 _c9578
_d9578